सही सोच सही कैरियर / (Record no. 200375)

MARC details
000 -LEADER
fixed length control field 01006nam a22001937a 4500
005 - DATE AND TIME OF LATEST TRANSACTION
control field 20240221131546.0
010 ## - LCCN (DPL NO)
LC control number B-757887-895
020 ## - INTERNATIONAL STANDARD BOOK NUMBER
Terms of availability 495.00
International Standard Book Number 9788189198275
035 ## - SYSTEM CONTROL NUMBER
System control number B-757887-895
037 ## - SOURCE OF ACQUISITION
Source of stock number/acquisition हरबंस लाल एंड संस
082 ## - DEWEY DECIMAL CLASSIFICATION NUMBER
Classification number 370.113
100 ## - MAIN ENTRY--PERSONAL NAME
Personal name बसु, अनुराग
245 ## - TITLE STATEMENT
Title सही सोच सही कैरियर /
Statement of responsibility, etc अनुराग बसु
260 ## - PUBLICATION, DISTRIBUTION, ETC. (IMPRINT)
Place of publication, distribution, etc नई दिल्ली
Name of publisher, distributor, etc हरबंस लाल एंड संस
Date of publication, distribution, etc 2023
270 ## - ADDRESS
Address डी-38, निहाल विहार
City नई दिल्ली
Postal code 110041
300 ## - PHYSICAL DESCRIPTION
Extent 160 पृ..
Dimensions 22सेमी (सजिल्द)
942 ## - ADDED ENTRY ELEMENTS (KOHA)
Source of classification or shelving scheme Dewey Decimal Classification
Item type Hindi Books
Classification part 370.113
Call number suffix बसुअ
Holdings
Withdrawn status Lost status Not for loan Collection code Home library Current library Date acquired Source of acquisition Cost, normal purchase price Full call number Barcode Copy number Cost, replacement price Koha item type
      Non-fiction Ashok Vihar Ashok Vihar 21/02/2024 हरबंस लाल एंड संस/177/18.1.24/159/9.1.24/25.1.24 495.00 370.113 बसुअ B-757888 1 495.00 Hindi Books
      Non-fiction Bawana Bawana 21/02/2024 हरबंस लाल एंड संस/177/18.1.24/159/9.1.24/25.1.24 495.00 370.113 बसुअ B-757892 1 495.00 Hindi Books
      Non-fiction Central Library Central Library 21/02/2024 हरबंस लाल एंड संस/177/18.1.24/159/9.1.24/25.1.24 495.00 370.113 बसुअ B-757887 1 495.00 Hindi Books
      Non-fiction Kasturba Gandhi Marg Kasturba Gandhi Marg 21/02/2024 हरबंस लाल एंड संस/177/18.1.24/159/9.1.24/25.1.24 495.00 370.113 बसुअ B-757889 1 495.00 Hindi Books
      Non-fiction RC3 Aruna Nagar RC3 Aruna Nagar 21/02/2024 हरबंस लाल एंड संस/177/18.1.24/159/9.1.24/25.1.24 495.00 370.113 बसुअ B-757895 1 495.00 Hindi Books
      Non-fiction Sarojini Nagar Sarojini Nagar 21/02/2024 हरबंस लाल एंड संस/177/18.1.24/159/9.1.24/25.1.24 495.00 370.113 बसुअ B-757890 1 495.00 Hindi Books
      Non-fiction Shahdara Branch Shahdara Branch 21/02/2024 हरबंस लाल एंड संस/177/18.1.24/159/9.1.24/25.1.24 495.00 370.113 बसुअ B-757893 1 495.00 Hindi Books
      Non-fiction Vinoba Puri Vinoba Puri 21/02/2024 हरबंस लाल एंड संस/177/18.1.24/159/9.1.24/25.1.24 495.00 370.113 बसुअ B-757891 1 495.00 Hindi Books
      Non-fiction Yojana Vihar Yojana Vihar 21/02/2024 हरबंस लाल एंड संस/177/18.1.24/159/9.1.24/25.1.24 495.00 370.113 बसुअ B-757894 1 495.00 Hindi Books

© Delhi Public Library
Hit Counter
free hit counter